¡Quita esas patas, caraqueso! /
¿Qué sucede? ¿Quién corre por la ciudad haciéndose pasar por mí? ¿Quién planea echarme de "El Eco del Roedor"? ¡Por mil quesos frescos! No podía nunca imaginarme que semejante cosa podía ocurrirme a mí...
Guardado en:
| Autor Principal: | |
|---|---|
| Otros Autores: | , |
| Formato: | Libro |
| Idioma: | Undetermined |
| Publicado: |
Buenos Aires :
Destino,
2005.
|
| Edición: | 1a ed. |
| Series: | Geronimo Stilton ;
8 |
| Materias: | |
| Etiquetas: |
Agregar Etiqueta
Sin Etiquetas, Sea el primero en etiquetar este registro!
|
| LEADER | 01160nam a22002535a 4500 | ||
|---|---|---|---|
| 001 | CEM.cems020870 | ||
| 008 | 240305s2005####ag############000#0#und#d | ||
| 005 | 20240306164120.0 | ||
| 245 | 1 | 0 | |a ¡Quita esas patas, caraqueso! / |c Geronimo Stilton ; ilustrado por Larry Keys ; traducido por Manuel Manzano. |
| 250 | |a 1a ed. | ||
| 260 | |a Buenos Aires : |b Destino, |c 2005. | ||
| 300 | |a 128 p. | ||
| 490 | 1 | |a Geronimo Stilton ; |v 8 | |
| 500 | |a Geronimo Stilton es el nombre del escritor ficticio con el que firma la escritora italiana Elisabetta Dami. | ||
| 500 | |a Título original: Giu le zampe, faccia di fontina!. | ||
| 520 | |a ¿Qué sucede? ¿Quién corre por la ciudad haciéndose pasar por mí? ¿Quién planea echarme de "El Eco del Roedor"? ¡Por mil quesos frescos! No podía nunca imaginarme que semejante cosa podía ocurrirme a mí... | ||
| 020 | |a 9507320709 | ||
| 100 | 1 | |a Stilton, Geronimo |j Dami, Elisabetta. | |
| 700 | 1 | |a Keys, Larry; il. | |
| 700 | 1 | |a Manzano, Manuel; trad. | |
| 653 | |a Literatura infantil | ||
| 653 | |a Novela infantil | ||
| 653 | |a Literatura italiana | ||
| 859 | |a CEMS |b BIB. CEMS - Inicial y Primaria |h 853.9 |i St548-7 |k IP |p 2986 |t Ej. 1 | ||
